|
|
|
|
| LEADER |
00615nam a22001577a 4500 |
| 008 |
140923b xxu||||| |||| 00| 0 eng d |
| 020 |
|
|
|a 978-0-8138-1028-7
|
| 082 |
|
|
|a 578.76
|
| 100 |
|
|
|a Fletcher, Garth L ed.
|
| 245 |
|
|
|a Aquaculture biotechnology /
|c Edited by Garth L. Fletcher and Mathew L. Rise
|
| 260 |
|
|
|a Chichester :
|b Wiley Blackwell,
|c 2012.
|
| 300 |
|
|
|a 379p.:
|c 27cm.
|
| 700 |
|
|
|a Garth L. Fletcher and Mathew L. Rise
|
| 942 |
|
|
|2 ddc
|c BK
|
| 999 |
|
|
|c 152252
|d 152252
|
| 952 |
|
|
|0 0
|1 0
|4 0
|6 578_760000000000000_FLE_A
|7 0
|9 162742
|a BIO
|b BIO
|c ST1
|d 2018-08-23
|g 0.00
|i 1902
|l 0
|o 578.76 FLE/ A
|p BIO1902
|r 2013-04-23
|w 2018-08-10
|y BK
|